<?xml version="1.0" encoding="UTF-8"?>
<collection xmlns="http://www.loc.gov/MARC21/slim">
 <record>
  <leader>00705pamaa2200181   4500</leader>
  <controlfield tag="001">0000034382</controlfield>
  <controlfield tag="005">20090604090000.0</controlfield>
  <controlfield tag="008">090115                             eng  </controlfield>
  <datafield tag="020" ind1="0" ind2="0">
   <subfield code="a">9789673035113 / 9673035113 (pbk.) </subfield>
  </datafield>
  <datafield tag="090" ind1="0" ind2="0">
   <subfield code="a">JQ1062.A58 </subfield>
   <subfield code="b">KEE 2008</subfield>
  </datafield>
  <datafield tag="100" ind1="1" ind2="1">
   <subfield code="a">Kee Thuan Chye </subfield>
  </datafield>
  <datafield tag="245" ind1="1" ind2="0">
   <subfield code="a">March 8 : </subfield>
   <subfield code="b">the day Malaysia woke up  </subfield>
   <subfield code="c">Kee Thuan Chye.</subfield>
  </datafield>
  <datafield tag="260" ind1="0" ind2="0">
   <subfield code="a">Shah Alam, Selangor Darul Ehsan, Malaysia: </subfield>
   <subfield code="b">Marshall Cavendish Editions ; Tarrytown, N.Y. : Marshall Cavendish Corp., </subfield>
   <subfield code="c">2008.</subfield>
  </datafield>
  <datafield tag="300" ind1=" " ind2=" ">
   <subfield code="a">324 p.: </subfield>
   <subfield code="b">ill.; </subfield>
   <subfield code="c">24 cm.</subfield>
  </datafield>
  <datafield tag="504" ind1="0" ind2="0">
   <subfield code="a">Includes bibliographical references</subfield>
  </datafield>
  <datafield tag="650" ind1="0" ind2="0">
   <subfield code="a">Democracy -- </subfield>
   <subfield code="z">Malaysia </subfield>
  </datafield>
  <datafield tag="650" ind1="0" ind2="0">
   <subfield code="a">Malaysia -- </subfield>
   <subfield code="x">Politics and government </subfield>
  </datafield>
  <datafield tag="901" ind1=" " ind2=" ">
   <subfield code="u">http://www.marshallcavendish.com</subfield>
  </datafield>
 </record>
</collection>
